| 000 | 01099nam a22002772a 4500 | ||
|---|---|---|---|
| 001 | 3362 | ||
| 003 | UkOxU | ||
| 005 | 20211208233722.0 | ||
| 008 | 131218s1956 xx 000 0 eng u | ||
| 035 | _aOCLC ocm00400803 from D950505M | ||
| 040 |
_aAKR _dUKM _dEQO _beng _cBD-RjUL |
||
| 041 | _aeng | ||
| 082 |
_a657 _bHUC |
||
| 100 | 1 |
_aHur, J. James. _910568 |
|
| 245 | 1 | 0 |
_aChemical process economics in practice; _ba collection of papers originally presented in Philadelphia, Pa., in April, 1956, under the auspices of the Philadelphia-Wilmington Section of the American Institute of Chemical Engineers and the School of Chemical |
| 260 |
_aNew York : _bReinhold, _c1956 |
||
| 300 |
_aiv, 115 p. _billus. _c20 cm |
||
| 504 | _aIncludes bibliographies | ||
| 650 | 0 |
_aChemical industry _910569 |
|
| 650 | 0 |
_aChemical industry _xAccounting _910570 |
|
| 710 | 2 |
_aAmerican Institute of Chemical Engineers. _bPhiladelphia-Wilmington Section. _910571 |
|
| 710 | 2 |
_aUniversity of Pennsylvania. _bSchool of Chemical Engineering. _910572 |
|
| 942 |
_2ddc _cBK |
||
| 999 |
_c3362 _d3362 |
||